| 000 | 00555nam a22002177a 4500 | ||
|---|---|---|---|
| 003 | OSt | ||
| 005 | 20190705125644.0 | ||
| 008 | 121112t xxu||||| |||| 00| 0 eng d | ||
| 020 | _a043966165X | ||
| 050 |
_aPZ 7 _b.P924c2 1998 |
||
| 100 |
_aPreller, James _96900 |
||
| 245 |
_aThe Case of Christmas snowman/ _cJames Preller. |
||
| 260 |
_aNew York : _bScholastic Inc, _c1998. |
||
| 300 |
_bill. ; _c19 cm. |
||
| 440 |
_aA Jigsaw Jones Mystery _922975 |
||
| 526 | _c480 | ||
| 562 | _e2 | ||
| 942 |
_2lcc _cBK |
||
| 999 |
_c34246 _d34246 |
||